Score 0/22 Timer 02:00
0 Plays Today
% Correct
New Girl
78.1%
Modern Family
77.3%
Friends
77.1%
The Big Bang Theory
77%
The Office
69.8%
Full House
68.5%
Cheers
68.3%
Leave It To Beaver
67.5%
Frasier
67.4%
The Dick Van Dyke Show
67.3%
30 Rock
67.1%
% Correct
Scrubs
64.1%
The Brady Bunch
63.6%
Malcolm in the Middle
63%
M*A*S*H
61.3%
King of Queens
59.5%
Happy Days
59.2%
Third Rock From The Sun
57%
Get Smart
56.6%
Three's Company
48.8%
Taxi
47.8%
Welcome Back, Kotter
46.7%
Remove Ads.
Support Sporcle.
Get the best of Sporcle when you Go Orange. This ad-free experience offers more features, more stats, and more fun while also helping to support Sporcle. Thank you for becoming a member.

You're not logged in!

Compare scores with friends on all Sporcle quizzes.
OR
Log In

Show Comments

Extras

Top Quizzes Today


Score Distribution

Your Account Isn't Verified!

In order to create a playlist on Sporcle, you need to verify the email address you used during registration. Go to your Sporcle Settings to finish the process.

Report this User

Report this user for behavior that violates our Community Guidelines.

Details: